000 00467nam a2200109Ia 4500
008 220216s9999 xx 000 0 und d
100 _aMathew J.
245 0 _aMitigating the emission of green house gases during ribbed smoked sheet processing
260 _bInternational Workshop on Climate Change and Rubber Cultivation: R & D Priorities, 28-30 July 2010, Rubber Research Institute of India, Kottayam, Kerala, pp. 109-111.
_c2010
700 _aHarish M.
942 _cBS
999 _c53079
_d53079